000 00305nam a22001337a 4500
008 170508b xxu||||| |||| 00| 0 eng d
020 _a0226131084
041 _aeng
080 _a34
100 _a15
101 _aSHJ
245 _aTHE CONSTITUTION IN THE SUPREME COURT
_cCRRUIE , D.P
942 _2udc
_cBK
999 _c13005
_d13005